Competition Law In India (Record no. 274752)

MARC details
000 -LEADER
fixed length control field 00324pam a2200133a 44500
008 - FIXED-LENGTH DATA ELEMENTS--GENERAL INFORMATION
fixed length control field 230405s2023 xxu||||| |||| 00| 0 eng d
041 ## - LANGUAGE CODE
Language code of text/sound track or separate title ENG
100 ## - MAIN ENTRY--PERSONAL NAME
Personal name Chatterji
245 ## - TITLE STATEMENT
Title Competition Law In India
250 ## - EDITION STATEMENT
Edition statement 2017 Ed.
260 ## - PUBLICATION, DISTRIBUTION, ETC.
Place of publication, distribution, etc. Allahabad
Name of publisher, distributor, etc. Allahabad Law Agency
Date of publication, distribution, etc. 2023
300 ## - PHYSICAL DESCRIPTION
Extent 1-459 P.p.
906 ## - LOCAL DATA ELEMENT F, LDF (RLIN)
a 3778

No items available.